Comment s'appellent les habitants de... - Statistiques

Statistiques générales
  • Ce quiz a été pris 52 fois
  • Le résultat moyen est 7 sur 21
Statistiques - réponses
Ville Habitants % Correct
Pau Palois
85%
Tours Tourangeaux
76%
Saint-Brieuc Briochins
59%
Biarritz Biarrots
48%
Châteauroux Castelroussins
48%
Montauban Montalbanais
48%
Limoges Limougeauds
46%
Vannes Vannetais
41%
Brive-la-Gaillarde Brivistes
35%
Gap Gapençais
33%
Blois Blésois
30%
Angoulême Angoumoisins
26%
Chamonix Chamoniards
24%
Cahors Cadurciens
22%
Evreux Ebroïciens
20%
Meaux Meldois
20%
Foix Fuxéens
17%
Agde Agathois
15%
Rocamadour Amadouriens
4%
Issoudun Issoldunois
2%
Joué-lès-Tours Jocondiens
0%
Aucun quiz correspondant
Distribution des résultats
% des personnes avec chaque résultat
Percentile par nombre de réponses
Votre historique - résultats
Vous n’avez pas pris ce quiz